Normal view
MARC view
Entry Personal Name
001 - CONTROL NUMBER
- control field: 28682
003 - CONTROL NUMBER IDENTIFIER
- control field: ARRUPE
005 - DATE AND TIME OF LATEST TRANSACTION
- control field: 20170208124457.0
008 - FIXED-LENGTH DATA ELEMENTS
- fixed length control field: 170208|| aca||aabn | a|a d
040 ## - CATALOGING SOURCE
- Original cataloging agency: ARRUPE
- Transcribing agency: ARRUPE
100 ## - HEADING--PERSONAL NAME
- Personal name: Mary, Blessed Virgin, St.
- General subdivision: Art
670 ## - SOURCE DATA FOUND
- Source citation: Work cat.: (ARRUPE): Baltoyianni, Chrysanthe 28681, Icons Mother of God in the incarnation and the Passion, 1994